[Event "St Petersburg Korchnoi Memorial op"]
[Site "St Petersburg"]
[Date "2018.08.23"]
[Round "9"]
[White "Kamsky, Gata"]
[Black "Khanin, Semen"]
[Result "1/2-1/2"]
[WhiteElo "2675"]
[BlackElo "2494"]
[PlyCount "156"]
[EventDate "2018.08.15"]
[EventType "swiss"]
[EventRounds "9"]
[EventCountry "RUS"]
[SourceTitle "CBM 186 Extra"]
[Source "ChessBase"]
[SourceDate "2018.08.24"]
[SourceVersion "1"]
[SourceVersionDate "2018.08.24"]
[SourceQuality "1"]

1. g3 Nf6 2. Bg2 e5 3. d3 g6 4. c4 Bg7 5. Nc3 O-O 6. e4 Nc6 7. Nge2 d6 8. O-O
Nh5 9. Be3 Nd4 10. Qd2 c6 11. Rae1 f5 12. Bg5 Nxe2+ 13. Rxe2 Qc7 14. exf5 Bxf5
15. h3 Be6 16. b3 Rae8 17. Rfe1 Qd7 18. Kh2 Rf7 19. Ne4 b6 20. Bh6 Rff8 21.
Bxg7 Nxg7 22. d4 d5 23. cxd5 cxd5 24. Ng5 e4 25. f3 exf3 26. Nxf3 Qd6 27. Ng5
Bd7 28. Re5 Bc6 29. h4 h6 30. Nh3 Kh7 31. Nf4 Rf5 32. Rxe8 Bxe8 33. Bh3 Rf6 34.
Re5 Bf7 35. Bg4 Qd8 36. Qe3 Rc6 37. Re7 Rc7 38. Rxc7 Qxc7 39. Qd3 Qe7 40. h5
Qg5 41. Kh3 Nf5 42. Bxf5 gxf5 43. Qe2 Kg8 44. Kg2 Qg4 45. Qe5 Bxh5 46. Qb8+ Kg7
47. Qxa7+ Bf7 48. Qe7 Kg8 49. Qe5 Qd1 50. Qe3 Qc2+ 51. Qe2 Qc3 52. Qe5 Qd2+ 53.
Kf3 Qxa2 54. Qb8+ Kg7 55. Qe5+ Kg8 56. Qb8+ Kg7 57. Qxb6 Qc2 58. Qb4 Qe4+ 59.
Kf2 h5 60. Qd2 Qh1 61. Ng2 Qb1 62. Qe3 Qc2+ 63. Kg1 Qb1+ 64. Kh2 Qb2 65. Kh3
Qb1 66. Qe1 Qxb3 67. Qe5+ Kg8 68. Ne3 Qb1 69. Kh4 Qe4+ 70. Qf4 Kg7 71. Nxf5+
Kf6 72. Ne3+ Qxf4+ 73. gxf4 Kg6 74. Kh3 Kf6 75. Kg3 Be6 76. Kh4 Bf7 77. f5 Be8
78. Nxd5+ Kxf5 1/2-1/2

[Event "St Petersburg rapid"]
[Site "St Petersburg"]
[Date "2018.08.25"]
[Round "1"]
[White "Kamsky, Gata"]
[Black "Nakhodkin, Gennadiy"]
[Result "1/2-1/2"]
[WhiteElo "2675"]
[BlackElo "1953"]
[PlyCount "135"]
[EventDate "2018.08.25"]
[EventType "swiss (rapid)"]
[EventRounds "11"]
[EventCountry "RUS"]
[SourceTitle "CBM 186 Extra"]
[Source "ChessBase"]
[SourceDate "2018.08.24"]
[SourceVersion "1"]
[SourceVersionDate "2018.08.24"]
[SourceQuality "1"]

1. e4 e5 2. Nf3 Nc6 3. Bb5 g6 4. O-O Bg7 5. c3 a6 6. Ba4 Nge7 7. d4 b5 8. Bb3
d6 9. dxe5 Nxe5 10. Nxe5 Bxe5 11. Bh6 Ng8 12. Be3 Be6 13. Nd2 Bg7 14. a4 Rb8
15. axb5 axb5 16. Ba7 Rb7 17. Bxe6 fxe6 18. Qb3 Qd7 19. Bd4 Nf6 20. Ra8+ Ke7
21. Ra6 c5 22. Be3 Ng4 23. Bg5+ Bf6 24. Bxf6+ Nxf6 25. e5 dxe5 26. Re1 Qd5 27.
Qc2 Rd8 28. Nf1 e4 29. h3 c4 30. Qc1 g5 31. Qe3 h6 32. Ng3 Rc7 33. Nxe4 Nxe4
34. Qxe4 Qxe4 35. Rxe4 Rd6 36. Ra8 Kf6 37. h4 Rd2 38. Rf8+ Kg7 39. Rb8 Rxb2 40.
Rxe6 Rb1+ 41. Kh2 gxh4 42. Rbb6 Rf7 43. f3 h5 44. Rg6+ Kf8 45. Rb8+ Ke7 46. Rg5
Rb3 47. Rxh5 Rxc3 48. Rbxb5 Rc2 49. Rb7+ Kf8 50. Rb8+ Kg7 51. Kh3 Rf4 52. Rb7+
Kg6 53. Rc5 Rc1 54. Rb6+ Rf6 55. Rxf6+ Kxf6 56. Kxh4 Ke6 57. Kg5 Kd6 58. Rc8
Kd7 59. Ra8 c3 60. Ra3 Kc6 61. g4 Kb5 62. Rb3+ Kc4 63. Rb8 c2 64. Rc8+ Kd3 65.
f4 Rb1 66. f5 c1=Q+ 67. Rxc1 Rxc1 68. f6 1/2-1/2

[Event "St Petersburg rapid"]
[Site "St Petersburg"]
[Date "2018.08.25"]
[Round "5"]
[White "Kamsky, Gata"]
[Black "Goganov, Aleksey"]
[Result "1-0"]
[WhiteElo "2675"]
[BlackElo "2586"]
[PlyCount "59"]
[EventDate "2018.08.25"]
[EventType "swiss (rapid)"]
[EventRounds "11"]
[EventCountry "RUS"]
[SourceTitle "CBM 186 Extra"]
[Source "ChessBase"]
[SourceDate "2018.08.24"]
[SourceVersion "1"]
[SourceVersionDate "2018.08.24"]
[SourceQuality "1"]

1. d4 d5 2. Bf4 e6 3. e3 c5 4. c3 Nc6 5. Nd2 Nf6 6. Ngf3 Bd6 7. Bg3 O-O 8. Bb5
Be7 9. Bd3 Nh5 10. Ne5 g6 11. f4 Nxe5 12. dxe5 c4 13. Bc2 Nxg3 14. hxg3 Qb6 15.
Nf3 Qxb2 16. Kd2 Qa3 17. Qg1 f5 18. Nd4 Bd7 19. g4 b5 20. Qh2 Rf7 21. gxf5 exf5
22. g4 b4 23. gxf5 Qxc3+ 24. Ke2 Bxf5 25. Bxf5 gxf5 26. Rag1+ Kh8 27. Qh5 Raf8
28. e6 Qd3+ 29. Kf3 Bh4 30. Qxh4 1-0

[Event "St Petersburg rapid"]
[Site "St Petersburg"]
[Date "2018.08.26"]
[Round "6"]
[White "Alekseev, Evgeny V"]
[Black "Kamsky, Gata"]
[Result "1/2-1/2"]
[WhiteElo "2620"]
[BlackElo "2675"]
[PlyCount "28"]
[EventDate "2018.08.25"]
[EventType "swiss (rapid)"]
[EventRounds "11"]
[EventCountry "RUS"]
[SourceTitle "CBM 186 Extra"]
[Source "ChessBase"]
[SourceDate "2018.08.24"]
[SourceVersion "1"]
[SourceVersionDate "2018.08.24"]
[SourceQuality "1"]

1. e4 b6 2. d4 Bb7 3. Bd3 e6 4. Nf3 d6 5. O-O Nd7 6. Re1 g6 7. Nbd2 Bg7 8. c3
a6 9. Nf1 e5 10. h3 Ngf6 11. Ng3 O-O 12. Bg5 h6 13. Be3 Re8 14. Qc2 Qe7 1/2-1/2

[Event "St Petersburg rapid"]
[Site "St Petersburg"]
[Date "2018.08.26"]
[Round "7"]
[White "Kamsky, Gata"]
[Black "Iljiushenok, Ilia"]
[Result "1/2-1/2"]
[WhiteElo "2675"]
[BlackElo "2539"]
[PlyCount "194"]
[EventDate "2018.08.25"]
[EventType "swiss (rapid)"]
[EventRounds "11"]
[EventCountry "RUS"]
[SourceTitle "CBM 186 Extra"]
[Source "ChessBase"]
[SourceDate "2018.08.24"]
[SourceVersion "1"]
[SourceVersionDate "2018.08.24"]
[SourceQuality "1"]

1. d4 Nf6 2. Nf3 g6 3. Bg5 Bg7 4. c3 O-O 5. Nbd2 d6 6. e4 h6 7. Bh4 c5 8. dxc5
dxc5 9. Bc4 Nc6 10. O-O Qc7 11. Bg3 e5 12. Re1 Nh5 13. Nf1 Bg4 14. Ne3 Rad8 15.
Bd5 Bc8 16. Qc2 Ne7 17. Bc4 b6 18. Rad1 Nf4 19. Bh4 g5 20. Bg3 Bf6 21. Nd2 h5
22. f3 Kg7 23. Ndf1 Be6 24. a4 Rxd1 25. Rxd1 Rd8 26. Bxe6 fxe6 27. Nc4 Nc6 28.
Nfe3 Kf7 29. Bf2 Rd7 30. Kf1 Qd8 31. Rxd7+ Qxd7 32. g3 Ng6 33. Ke2 Ke7 34. Qb3
Nf8 35. Nc2 Qc7 36. a5 Nd7 37. axb6 axb6 38. Nxb6 Na5 39. Qb5 Qxb6 40. Qxb6
Nxb6 41. Bxc5+ Kd7 42. Bxb6 Nc4 43. Be3 Nxb2 44. g4 h4 45. Nb4 Nc4 46. Bc1 Be7
47. Nd3 Kc6 48. Nf2 Nd6 49. Ba3 Bf6 50. Bxd6 Kxd6 51. Nd3 Bd8 52. h3 Bc7 53.
Kd2 Kc6 54. Kc2 Bd6 55. Kb3 Kb5 56. c4+ Kc6 57. Ka4 Kb6 58. c5+ Bxc5 59. Nxe5
Bd6 60. Nd3 e5 61. Kb3 Kb5 62. Kc3 Bc7 63. Nb2 Kc5 64. Nc4 Bb8 65. Ne3 Bd6 66.
Nf5 Bf8 67. Kd3 Kb5 68. Ne3 Bd6 69. Nd5 Kc5 70. Nf6 Be7 71. Ne8 Bf8 72. Nc7 Be7
73. Kc3 Bf6 74. Nd5 Bd8 75. Kd3 Kb5 76. Ne3 Be7 77. Nc4 Bf6 78. Nd6+ Kc6 79.
Nf7 Kc5 80. Kc3 Kb5 81. Nd6+ Kc5 82. Nf5 Kb5 83. Kd3 Kc5 84. Nh6 Be7 85. Nf5
Bf6 86. Ne3 Be7 87. Kc3 Bf6 88. Nc2 Bd8 89. Kd3 Be7 90. Na1 Kb4 91. Nc2+ Kc5
92. Kc3 Bf6 93. Nb4 Kb5 94. Nd3 Bg7 95. Nb4 Bf6 96. Nd5 Bd8 97. Kd3 Kc5 1/2-1/2

[Event "St Petersburg rapid"]
[Site "St Petersburg"]
[Date "2018.08.26"]
[Round "8"]
[White "Shinkevich, Vitaly"]
[Black "Kamsky, Gata"]
[Result "0-1"]
[WhiteElo "2437"]
[BlackElo "2675"]
[PlyCount "128"]
[EventDate "2018.08.25"]
[EventType "swiss (rapid)"]
[EventRounds "11"]
[EventCountry "RUS"]
[SourceTitle "CBM 186 Extra"]
[Source "ChessBase"]
[SourceDate "2018.08.24"]
[SourceVersion "1"]
[SourceVersionDate "2018.08.24"]
[SourceQuality "1"]

1. d4 d5 2. c4 c6 3. Nf3 Nf6 4. Nc3 Qb6 5. e3 Bg4 6. h3 Bxf3 7. Qxf3 e6 8. Bd3
Nbd7 9. O-O Be7 10. c5 Qc7 11. b4 a6 12. Qe2 O-O 13. f4 a5 14. b5 b6 15. bxc6
Qxc6 16. Bb5 Qc7 17. c6 Nb8 18. Bd2 Rc8 19. Rac1 Qd6 20. Rc2 Nxc6 21. Rfc1 Na7
22. Ba6 Rcb8 23. Be1 Qd8 24. Bh4 Ne8 25. Bxe7 Qxe7 26. e4 dxe4 27. Qxe4 Rd8 28.
Rd1 Nf6 29. Qf3 Rab8 30. a4 Nc8 31. Re2 Qa7 32. Bd3 Ne7 33. Kh1 Rbc8 34. Nb5
Qd7 35. Bb1 g6 36. Ba2 Kg7 37. Kh2 h5 38. Rde1 Nf5 39. Rd2 Nd6 40. Re5 Nxb5 41.
Rxb5 Qd6 42. Qe3 Rc6 43. Qe5 Qxe5 44. fxe5 Ne4 45. d5 Rc5 46. Rxc5 bxc5 47. Rd3
exd5 48. Bxd5 Nf2 49. Rd2 c4 50. Rxf2 Rxd5 51. Re2 c3 52. Rc2 Rd3 53. Kg1 g5
54. Kf1 Kg6 55. Ke2 Rg3 56. Kf1 Rd3 57. Ke2 Rd2+ 58. Rxd2 cxd2 59. Kxd2 Kf5 60.
Kd3 Kxe5 61. Kc4 f5 62. Kb5 f4 63. Kxa5 g4 64. hxg4 hxg4 0-1

[Event "St Petersburg rapid"]
[Site "St Petersburg"]
[Date "2018.08.26"]
[Round "9"]
[White "Kamsky, Gata"]
[Black "Fedorov, Alexei"]
[Result "1-0"]
[WhiteElo "2675"]
[BlackElo "2561"]
[PlyCount "63"]
[EventDate "2018.08.25"]
[EventType "swiss (rapid)"]
[EventRounds "11"]
[EventCountry "RUS"]
[SourceTitle "CBM 186 Extra"]
[Source "ChessBase"]
[SourceDate "2018.08.24"]
[SourceVersion "1"]
[SourceVersionDate "2018.08.24"]
[SourceQuality "1"]

1. d4 Nf6 2. Nf3 g6 3. c3 Bg7 4. Bg5 O-O 5. Nbd2 d6 6. e4 h6 7. Bh4 c5 8. dxc5
dxc5 9. Bc4 Nc6 10. O-O Nh5 11. Bg3 Nxg3 12. hxg3 Qc7 13. Qe2 a6 14. a4 Rb8 15.
Rfe1 Bg4 16. Qe3 Na5 17. Bf1 c4 18. e5 Bxf3 19. gxf3 Rfd8 20. f4 Rxd2 21. Qxd2
Nb3 22. Qd5 Nxa1 23. Rxa1 b5 24. axb5 axb5 25. Ra6 e6 26. Qd6 Qxd6 27. exd6 b4
28. cxb4 Bxb2 29. b5 c3 30. Rc6 Rd8 31. b6 Ba3 32. b7 1-0

[Event "St Petersburg rapid"]
[Site "St Petersburg"]
[Date "2018.08.26"]
[Round "10"]
[White "Mchedlishvili, Mikheil"]
[Black "Kamsky, Gata"]
[Result "1/2-1/2"]
[WhiteElo "2608"]
[BlackElo "2675"]
[PlyCount "31"]
[EventDate "2018.08.25"]
[EventType "swiss (rapid)"]
[EventRounds "11"]
[EventCountry "RUS"]
[SourceTitle "CBM 186 Extra"]
[Source "ChessBase"]
[SourceDate "2018.08.24"]
[SourceVersion "1"]
[SourceVersionDate "2018.08.24"]
[SourceQuality "1"]

1. d4 d5 2. c4 c6 3. Nf3 Nf6 4. g3 g6 5. Bg2 Bg7 6. Qb3 O-O 7. O-O Qb6 8. Nc3
Rd8 9. Bd2 Be6 10. Na4 Qxb3 11. axb3 Nbd7 12. Rfc1 Ne4 13. Bb4 Kf8 14. e3 f5
15. Be1 Rdc8 16. Nd2 1/2-1/2

[Event "St Petersburg rapid"]
[Site "St Petersburg"]
[Date "2018.08.26"]
[Round "11"]
[White "Kamsky, Gata"]
[Black "Alekseenko, Kirill"]
[Result "0-1"]
[WhiteElo "2675"]
[BlackElo "2635"]
[PlyCount "60"]
[EventDate "2018.08.25"]
[EventType "swiss (rapid)"]
[EventRounds "11"]
[EventCountry "RUS"]
[SourceTitle "CBM 186 Extra"]
[Source "ChessBase"]
[SourceDate "2018.08.24"]
[SourceVersion "1"]
[SourceVersionDate "2018.08.24"]
[SourceQuality "1"]

1. d4 d5 2. Bf4 Nf6 3. e3 e6 4. Nd2 Be7 5. c3 O-O 6. Bd3 c5 7. Ngf3 Nc6 8. Ne5
Nd7 9. Qh5 f5 10. Nxd7 Bxd7 11. h4 b5 12. a3 a5 13. dxc5 e5 14. Bg5 Be8 15.
Bxe7 Qxe7 16. Qg5 Qe6 17. h5 a4 18. h6 g6 19. Bxb5 Nb4 20. cxb4 Bxb5 21. f3 f4
22. Kf2 Rf5 23. Qg4 fxe3+ 24. Kxe3 e4 25. Rhe1 exf3+ 26. Kf2 fxg2+ 27. Nf3 Qf6
28. Kxg2 Rf8 29. Re3 Qxb2+ 30. Kg3 Qxa1 0-1

[Event "RUS-chT rapid"]
[Site "Sochi"]
[Date "2018.10.08"]
[Round "1.2"]
[White "Kamsky, Gata"]
[Black "Shkurkin, Andrey"]
[Result "1-0"]
[WhiteElo "2666"]
[BlackElo "2201"]
[PlyCount "67"]
[EventDate "2018.10.08"]
[EventType "team-swiss (rapid)"]
[EventRounds "9"]
[EventCountry "RUS"]
[SourceTitle "CBM 186 Extra"]
[Source "ChessBase"]
[SourceDate "2018.08.24"]
[SourceVersion "1"]
[SourceVersionDate "2018.08.24"]
[SourceQuality "1"]
[WhiteTeam "Kazan Ladya"]
[BlackTeam "Belgorod Rakita"]
[WhiteTeamCountry "RUS"]
[BlackTeamCountry "RUS"]

1. e4 c5 2. Nc3 Nc6 3. Bb5 Nd4 4. Bc4 e6 5. d3 Nf6 6. e5 d5 7. exd6 Bxd6 8.
Nge2 O-O 9. O-O a6 10. a4 Qc7 11. h3 Bd7 12. Nxd4 cxd4 13. Ne2 b5 14. axb5 axb5
15. Rxa8 Rxa8 16. Bb3 Qb6 17. Bg5 Bc6 18. Qd2 Nd5 19. Bh4 e5 20. Bg3 Qc7 21.
Re1 Kh8 22. c3 h6 23. cxd4 Bb4 24. Nc3 Qa5 25. Bxe5 Kg8 26. Rc1 Nxc3 27. bxc3
Be7 28. d5 Bd7 29. Re1 Bg5 30. Qd1 Bf5 31. d6 Rd8 32. h4 Bxh4 33. Qh5 Bg6 34.
Qxg6 1-0

[Event "RUS-chT rapid"]
[Site "Sochi"]
[Date "2018.10.08"]
[Round "2.2"]
[White "Vastrukhin, Oleg"]
[Black "Kamsky, Gata"]
[Result "0-1"]
[WhiteElo "2413"]
[BlackElo "2666"]
[PlyCount "148"]
[EventDate "2018.10.08"]
[EventType "team-swiss (rapid)"]
[EventRounds "9"]
[EventCountry "RUS"]
[SourceTitle "CBM 186 Extra"]
[Source "ChessBase"]
[SourceDate "2018.08.24"]
[SourceVersion "1"]
[SourceVersionDate "2018.08.24"]
[SourceQuality "1"]
[WhiteTeam "Sochi Archibald Chess"]
[BlackTeam "Kazan Ladya"]
[WhiteTeamCountry "RUS"]
[BlackTeamCountry "RUS"]

1. Nf3 Nf6 2. g3 g6 3. Bg2 Bg7 4. O-O O-O 5. d4 d5 6. Nbd2 c6 7. c4 a5 8. b3
Bf5 9. Bb2 Ne4 10. e3 Nxd2 11. Qxd2 Be4 12. Rfc1 e6 13. a4 Bxf3 14. Bxf3 Re8
15. Bc3 Nd7 16. Rcb1 Bf8 17. b4 axb4 18. Bxb4 Bxb4 19. Qxb4 Ra7 20. a5 Qc7 21.
cxd5 exd5 22. Rc1 Nf6 23. a6 bxa6 24. Qa4 Re6 25. Rc2 Kg7 26. Rac1 Qd7 27. Be2
h5 28. h4 Ne4 29. Bf3 Nf6 30. Bg2 Rd6 31. Bf3 a5 32. Rc5 Rb7 33. Rxa5 Qf5 34.
Kg2 Ne4 35. Qc2 Re7 36. Bxe4 Rxe4 37. Rc5 Rf6 38. Rxc6 Qf3+ 39. Kg1 Rf5 40. Rc8
Rg4 41. Re8 g5 42. Re5 Rxe5 43. dxe5 gxh4 44. Qd1 Qe4 45. Qd4 Qxd4 46. exd4
hxg3 47. Rd1 gxf2+ 48. Kxf2 Kg6 49. Ke3 h4 50. Rf1 h3 51. Rf6+ Kg7 52. Rf1 h2
53. Rh1 Rh4 54. Kf3 Kg6 55. Kg2 Rxd4 56. Rf1 Rd2+ 57. Kh1 Re2 58. e6 Rxe6 59.
Kxh2 Re4 60. Kg3 f5 61. Kf3 Kf6 62. Ra1 Rb4 63. Re1 d4 64. Re8 Rb5 65. Rd8 Ke5
66. Re8+ Kd5 67. Rc8 Rc5 68. Rd8+ Kc4 69. Ke2 Kc3 70. Rh8 d3+ 71. Kd1 f4 72.
Rf8 f3 73. Rf7 f2 74. Rf8 Rg5 0-1

[Event "RUS-chT rapid"]
[Site "Sochi"]
[Date "2018.10.08"]
[Round "3.2"]
[White "Kamsky, Gata"]
[Black "Alekseev, Evgeny V"]
[Result "1/2-1/2"]
[WhiteElo "2666"]
[BlackElo "2620"]
[PlyCount "75"]
[EventDate "2018.10.08"]
[EventType "team-swiss (rapid)"]
[EventRounds "9"]
[EventCountry "RUS"]
[SourceTitle "CBM 186 Extra"]
[Source "ChessBase"]
[SourceDate "2018.08.24"]
[SourceVersion "1"]
[SourceVersionDate "2018.08.24"]
[SourceQuality "1"]
[WhiteTeam "Kazan Ladya"]
[BlackTeam "St Peterburg Strazhi"]
[WhiteTeamCountry "RUS"]
[BlackTeamCountry "RUS"]

1. e4 c5 2. Nf3 e6 3. c3 d5 4. exd5 Qxd5 5. d4 Nf6 6. Bd3 Be7 7. O-O O-O 8. Bg5
Nbd7 9. Re1 b6 10. c4 Qd6 11. Nc3 cxd4 12. Nb5 Qc5 13. Nbxd4 Bb7 14. Qe2 Rfe8
15. Rad1 Bf8 16. Bc2 Ba6 17. b3 Bb7 18. Bc1 a6 19. a3 Rac8 20. Bb2 g6 21. b4
Qc7 22. Ba4 Bg7 23. Nb3 Red8 24. Bxd7 Nxd7 25. Bxg7 Kxg7 26. Rd4 e5 27. Rh4 Re8
28. Qe3 Kg8 29. Qh6 Nf8 30. Nbd2 f6 31. Ne4 Qe7 32. c5 Bxe4 33. Rhxe4 bxc5 34.
bxc5 Rxc5 35. h4 Ne6 36. Qe3 Rec8 37. h5 g5 38. h6 1/2-1/2

[Event "RUS-chT rapid"]
[Site "Sochi"]
[Date "2018.10.08"]
[Round "4.2"]
[White "Rozum, Ivan"]
[Black "Kamsky, Gata"]
[Result "1/2-1/2"]
[WhiteElo "2573"]
[BlackElo "2666"]
[PlyCount "99"]
[EventDate "2018.10.08"]
[EventType "team-swiss (rapid)"]
[EventRounds "9"]
[EventCountry "RUS"]
[SourceTitle "CBM 186 Extra"]
[Source "ChessBase"]
[SourceDate "2018.08.24"]
[SourceVersion "1"]
[SourceVersionDate "2018.08.24"]
[SourceQuality "1"]
[WhiteTeam "Vologodsk Region"]
[BlackTeam "Kazan Ladya"]
[WhiteTeamCountry "RUS"]
[BlackTeamCountry "RUS"]

1. c4 e5 2. Nc3 Nc6 3. Nf3 Nf6 4. e3 Bb4 5. Qc2 Bxc3 6. Qxc3 Qe7 7. d4 Ne4 8.
Qd3 exd4 9. Nxd4 Nc5 10. Qd1 Nxd4 11. Qxd4 O-O 12. Be2 b6 13. Bf3 Bb7 14. Bxb7
Nxb7 15. b3 Nc5 16. Bb2 f6 17. O-O a5 18. Rad1 d6 19. Qd5+ Qf7 20. Qc6 Rfe8 21.
Bd4 Rab8 22. Rb1 h5 23. a3 h4 24. h3 Ne4 25. Rb2 Re6 26. b4 axb4 27. axb4 f5
28. Ra1 Kh7 29. Ra7 Re7 30. Rba2 Rbe8 31. Ra8 Rxa8 32. Rxa8 Nd2 33. c5 Qc4 34.
Ra1 bxc5 35. bxc5 Ne4 36. Qa4 Qxa4 37. Rxa4 dxc5 38. Bb2 Kg6 39. f3 Ng3 40.
Rxh4 Rxe3 41. Rc4 f4 42. Rxf4 Ne2+ 43. Kf2 Nxf4 44. Kxe3 Nxg2+ 45. Ke4 c6 46.
Ba3 c4 47. Kd4 Ne1 48. Kxc4 Nxf3 49. Bb2 Ng5 50. Kc5 1/2-1/2

[Event "RUS-chT rapid"]
[Site "Sochi"]
[Date "2018.10.08"]
[Round "5.2"]
[White "Kamsky, Gata"]
[Black "Savchenko, Boris"]
[Result "1-0"]
[WhiteElo "2666"]
[BlackElo "2562"]
[PlyCount "81"]
[EventDate "2018.10.08"]
[EventType "team-swiss (rapid)"]
[EventRounds "9"]
[EventCountry "RUS"]
[SourceTitle "CBM 186 Extra"]
[Source "ChessBase"]
[SourceDate "2018.08.24"]
[SourceVersion "1"]
[SourceVersionDate "2018.08.24"]
[SourceQuality "1"]
[WhiteTeam "Kazan Ladya"]
[BlackTeam "Moscow Nosorogi"]
[WhiteTeamCountry "RUS"]
[BlackTeamCountry "RUS"]

1. d4 Nf6 2. Nf3 e6 3. Bf4 d5 4. Nbd2 c5 5. e3 Nc6 6. c3 Bd6 7. Bg3 O-O 8. Bd3
b6 9. Qe2 Bb7 10. Rd1 Re8 11. e4 Be7 12. e5 Nh5 13. a3 g6 14. O-O f5 15. exf6
Bxf6 16. Bb5 Nxg3 17. hxg3 Qd6 18. Bxc6 Qxc6 19. Ne5 Qa4 20. Qe3 cxd4 21. cxd4
Ba6 22. Rfe1 Rac8 23. Ndf3 Rc2 24. Rc1 Rxc1 25. Rxc1 Rc8 26. Re1 Re8 27. g4 Qc2
28. g5 Bg7 29. Ng4 Qe4 30. Nh6+ Bxh6 31. gxh6 Qxe3 32. Rxe3 Bb5 33. Rc3 Re7 34.
Ne5 Kf8 35. Rc8+ Be8 36. g4 g5 37. Kg2 Rb7 38. Kg3 Ke7 39. f4 gxf4+ 40. Kxf4 a5
41. g5 1-0

[Event "RUS-chT rapid"]
[Site "Sochi"]
[Date "2018.10.09"]
[Round "6.1"]
[White "Bocharov, Dmitry"]
[Black "Kamsky, Gata"]
[Result "0-1"]
[WhiteElo "2557"]
[BlackElo "2666"]
[PlyCount "150"]
[EventDate "2018.10.08"]
[EventType "team-swiss (rapid)"]
[EventRounds "9"]
[EventCountry "RUS"]
[SourceTitle "CBM 186 Extra"]
[Source "ChessBase"]
[SourceDate "2018.08.24"]
[SourceVersion "1"]
[SourceVersionDate "2018.08.24"]
[SourceQuality "1"]
[WhiteTeam "Novosibir"]
[BlackTeam "Kazan Ladya"]
[WhiteTeamCountry "RUS"]
[BlackTeamCountry "RUS"]

1. Nf3 Nf6 2. g3 g6 3. b3 Bg7 4. Bb2 b6 5. Bg2 Bb7 6. O-O c5 7. c4 O-O 8. Nc3
d6 9. d4 cxd4 10. Nxd4 Bxg2 11. Kxg2 Qc8 12. Rc1 Qb7+ 13. f3 a6 14. e4 e6 15.
Qd2 Rd8 16. Rfd1 Nbd7 17. Qe2 h5 18. Rc2 Ne8 19. Rcd2 Rac8 20. Qe3 Kh7 21. h3
Nc5 22. Re2 Nf6 23. g4 e5 24. Nc2 Ne6 25. Kh1 Bh6 26. Qg1 hxg4 27. hxg4 Bf4 28.
Nd5 Nxd5 29. exd5 Ng5 30. Bc1 Bxc1 31. Rxc1 Kg7 32. Qe3 Rh8+ 33. Rh2 Rxh2+ 34.
Kxh2 Rh8+ 35. Kg2 Nh3 36. Ne1 Nf4+ 37. Kg1 Qe7 38. Ng2 Nxg2 39. Kxg2 Qh4 40.
Qg1 Qg5 41. Rc2 Qf4 42. Re2 b5 43. c5 dxc5 44. d6 e4 45. Rxe4 Qd2+ 46. Kg3
Qxd6+ 47. f4 Qd3+ 48. Re3 Qd4 49. Qe1 Rh1 50. Qc3 Rg1+ 51. Kh3 Rf1 52. Rd3 Qxc3
53. Rxc3 Rxf4 54. Rxc5 Rf2 55. a4 Rf3+ 56. Kg2 Rxb3 57. axb5 Rxb5 58. Rc6 Ra5
59. Kg3 g5 60. Kf3 f6 61. Rb6 Kg6 62. Rc6 Ra1 63. Rc8 Ra3+ 64. Kf2 Ra5 65. Ra8
f5 66. Rg8+ Kf6 67. gxf5 Kxf5 68. Rc8 Ra2+ 69. Kg3 Ra3+ 70. Kg2 a5 71. Rc5+ Kg4
72. Rc4+ Kh5 73. Rc5 Kh4 74. Rc1 Ra2+ 75. Kg1 g4 0-1

[Event "RUS-chT rapid"]
[Site "Sochi"]
[Date "2018.10.09"]
[Round "7.1"]
[White "Grachev, Boris V"]
[Black "Kamsky, Gata"]
[Result "1/2-1/2"]
[WhiteElo "2626"]
[BlackElo "2666"]
[PlyCount "29"]
[EventDate "2018.10.08"]
[EventType "team-swiss (rapid)"]
[EventRounds "9"]
[EventCountry "RUS"]
[SourceTitle "CBM 186 Extra"]
[Source "ChessBase"]
[SourceDate "2018.08.24"]
[SourceVersion "1"]
[SourceVersionDate "2018.08.24"]
[SourceQuality "1"]
[WhiteTeam "Moscow Legacy Square Capital"]
[BlackTeam "Kazan Ladya"]
[WhiteTeamCountry "RUS"]
[BlackTeamCountry "RUS"]

1. d4 d5 2. Bf4 Nf6 3. e3 e6 4. Nd2 c5 5. c3 Nc6 6. Ngf3 Be7 7. Ne5 Nd7 8. Ndf3
Ndxe5 9. Nxe5 Nxe5 10. Bxe5 O-O 11. Bd3 Bd6 12. Bxd6 Qxd6 13. f4 cxd4 14. cxd4
Bd7 15. O-O 1/2-1/2

[Event "RUS-chT rapid"]
[Site "Sochi"]
[Date "2018.10.09"]
[Round "8.1"]
[White "Kamsky, Gata"]
[Black "Kryakvin, Dmitry"]
[Result "1-0"]
[WhiteElo "2666"]
[BlackElo "2595"]
[PlyCount "69"]
[EventDate "2018.10.08"]
[EventType "team-swiss (rapid)"]
[EventRounds "9"]
[EventCountry "RUS"]
[SourceTitle "CBM 186 Extra"]
[Source "ChessBase"]
[SourceDate "2018.08.24"]
[SourceVersion "1"]
[SourceVersionDate "2018.08.24"]
[SourceQuality "1"]
[WhiteTeam "Kazan Ladya"]
[BlackTeam "Karpov Chess School"]
[WhiteTeamCountry "RUS"]
[BlackTeamCountry "RUS"]

1. d4 d5 2. Nf3 Nf6 3. Bf4 c5 4. e3 e6 5. c3 Nc6 6. Nbd2 Bd6 7. Bg3 O-O 8. Bd3
b6 9. Qe2 Bb7 10. Rd1 Qe7 11. e4 dxe4 12. Nxe4 Nxe4 13. Bxe4 Rad8 14. dxc5 Bxc5
15. O-O g6 16. b4 Bd6 17. Bh4 f6 18. Rfe1 g5 19. Bg3 Bxg3 20. hxg3 Rxd1 21.
Qxd1 e5 22. Nh2 Nd8 23. Bxb7 Nxb7 24. Ng4 Nd6 25. c4 Kh8 26. Ne3 Rd8 27. Qc2
Rc8 28. Rd1 Qe6 29. c5 bxc5 30. bxc5 Nb7 31. Rd5 Qc6 32. Qf5 Nxc5 33. Rxc5 Qxc5
34. Qxf6+ Kg8 35. Nf5 1-0

[Event "RUS-chT rapid"]
[Site "Sochi"]
[Date "2018.10.09"]
[Round "9.1"]
[White "Potkin, Vladimir"]
[Black "Kamsky, Gata"]
[Result "0-1"]
[WhiteElo "2597"]
[BlackElo "2666"]
[PlyCount "95"]
[EventDate "2018.10.08"]
[EventType "team-swiss (rapid)"]
[EventRounds "9"]
[EventCountry "RUS"]
[SourceTitle "CBM 186 Extra"]
[Source "ChessBase"]
[SourceDate "2018.08.24"]
[SourceVersion "1"]
[SourceVersionDate "2018.08.24"]
[SourceQuality "1"]
[WhiteTeam "Tyumen Molodezhka"]
[BlackTeam "Kazan Ladya"]
[WhiteTeamCountry "RUS"]
[BlackTeamCountry "RUS"]

1. Nf3 Nf6 2. c4 c6 3. Nc3 d5 4. e3 g6 5. d4 Bg7 6. Be2 O-O 7. O-O Qb6 8. h3
Be6 9. Ng5 Bf5 10. Bd2 h6 11. Nf3 Ne4 12. cxd5 Nxc3 13. Bxc3 cxd5 14. Qd2 Rc8
15. a4 a6 16. Rfc1 Nd7 17. Bb4 Bf8 18. a5 Qd8 19. Ne5 Nxe5 20. dxe5 g5 21. Qd4
Bg7 22. g4 Be4 23. f3 Bg6 24. f4 Be4 25. Qb6 Qd7 26. Kf2 f5 27. Kg3 Kh7 28. Rc5
d4 29. Rd1 Rxc5 30. Qxc5 d3 31. Bf1 Qa4 32. Rd2 Qa1 33. Rf2 e6 34. Qc7 Rg8 35.
Qd7 fxg4 36. hxg4 h5 37. Qxe6 Qd1 38. gxh5 gxf4+ 39. exf4 Bf8+ 40. Kh4 Bxb4 41.
h6 Qe1 42. Qf7+ Kxh6 43. Qh5+ Kg7 44. Qg5+ Kh8 45. Qf6+ Rg7 46. Qd8+ Kh7 47.
Qd4 Bf5 48. Bh3 0-1